00927nam a2200277 a 450000100100000000500170001000800410002701000130006802000150008104000240009604100130012010000340013324000400016724500700020726000330027730000210031049000220033150000470035365000280040065000310042883000280045991000280048704900090051595201100052499900150063400000965120200929161646.0901101s1985 sp 000 1 spa c a90211491 a842331796x aDO-SdBNPcMHdBNPHU1 aspahgag1 aConde, Alfredo,d1945-92452710aXa vai o Griffon no vento.lSpanish13aEl Griffon /cAlfredo Conde ; traduccion al castellano del autor. aBarcelona :bDestino,c1985. a308 p. ;c22 cm.1 aDestinolibrov293 aTranslation of: Xa vai o Griffon no vento. 4aNovela española91123 4aLiteratura española9632 0aDestinolibrov29398086 aCatalogación derivada aBNGR 001052708MOaGRbGRcCTd2009-09-30iLF1l0o p9651-10r2020-06-25w2020-06-25y2ZPréstamo interno c9411d9411